Rules of conduct for firms (Record no. 107006)
[ view plain ]
| 000 -LEADER | |
|---|---|
| fixed length control field | 00899cad a22002295a 4500 |
| 001 - CONTROL NUMBER | |
| control field | L138113 |
| 005 - DATE AND TIME OF LATEST TRANSACTION | |
| control field | 20240105162748.0 |
| 008 - FIXED-LENGTH DATA ELEMENTS--GENERAL INFORMATION | |
| fixed length control field | 070517e20170508xxk f 000 0 eng d |
| 035 ## - SYSTEM CONTROL NUMBER | |
| System control number | (Sirsi) u138113 |
| 041 0# - LANGUAGE CODE | |
| Language code of text/sound track or separate title | eng |
| 110 2# - MAIN ENTRY--CORPORATE NAME | |
| Corporate name or jurisdiction name as entry element | Royal Institution of Chartered Surveyors |
| 9 (RLIN) | 4900 |
| 245 00 - TITLE STATEMENT | |
| Title | Rules of conduct for firms |
| Medium | [superseded] |
| 250 ## - EDITION STATEMENT | |
| Edition statement | version 6 |
| 260 ## - PUBLICATION, DISTRIBUTION, ETC. | |
| Place of publication, distribution, etc. | London |
| Name of publisher, distributor, etc. | RICS |
| Date of publication, distribution, etc. | 2007 (v.6 2017) |
| 300 ## - PHYSICAL DESCRIPTION | |
| Extent | 7p. |
| 490 #0 - SERIES STATEMENT | |
| Series statement | RICS Rules of Conduct |
| 520 ## - SUMMARY, ETC. | |
| Summary, etc. | With effect from 25 April 2007 to 1 Feb 2022. Applied to all firms worldwide. Replaced by the RICS Rules of Conduct published October 2021, effective 2 Feb 2022 (consolidated edition, not a separate one for Firms and Members). |
| 650 24 - SUBJECT ADDED ENTRY--TOPICAL TERM | |
| Topical term or geographic name entry element | RICS MEMBERSHIP |
| 650 24 - SUBJECT ADDED ENTRY--TOPICAL TERM | |
| Topical term or geographic name entry element | RICS RULES OF CONDUCT |
| 690 ## - LOCAL SUBJECT ADDED ENTRY--TOPICAL TERM (OCLC, RLIN) | |
| Topical term or geographic name as entry element | ABOUT RICS-RICS PROFESSIONAL REGULATION AND CONSUMER PROTECTION-RICS RULES OF CONDUCT |
| 942 ## - ADDED ENTRY ELEMENTS (KOHA) | |
| Suppress in OPAC | 0 |
| Source of classification or shelving scheme | Dewey Decimal Classification |
| Withdrawn status | Lost status | Source of classification or shelving scheme | Damaged status | Not for loan | Home library | Current library | Shelving location | Date acquired | Total Checkouts | Full call number | Barcode | Date last seen | Copy number | Price effective from | Koha item type | Public note |
|---|---|---|---|---|---|---|---|---|---|---|---|---|---|---|---|---|
| Dewey Decimal Classification | Historic collection | Historic collection | Online | 17/05/2007 | ARCHIVED | 138113-1001 | 06/08/2019 | 1 | 06/08/2019 | Book | To request a copy please email [email protected] |